Sumario de plantas oficiosas (Registro nro. 17837)

Detalles MARC
000 -LDR (LÍDER)
Campo de control de longitud fija 01835nam a2200313 a 4500
003 - IDENTIFICADOR DEL NÚMERO DE CONTROL
Campo de control CO-PeBPR
005 - FECHA Y HORA DE LA ÚLTIMA TRANSACCIÓN
Campo de control 20260501114715.0
008 - ELEMENTOS DE DATOS DE LONGITUD FIJA--INFORMACIÓN GENERAL
Campo de control de longitud fija 260415e2024 ck a|||| n||| 00| 0 spa c
020 ## - Código Internacional normalizado para libros
Código Internacional normalizado para libros 9789588887449
040 0# - FUENTE DE CATALOGACIÓN
Agencia catalogadora original CO-PeBPR
Idioma de la agencia catalogadora spa
Agencia que transcribe CO-PeBPR
Norma para la descripción rda
041 0# - Código del Idioma
Código idioma del recurso original spa
082 04 - NÚMERO DE CLASIFICACIÓN DECIMAL DEWEY
Número de clasificación Co864 G516s
100 1# - ASIENTO PRINCIPAL--NOMBRE PERSONAL
Nombre personal Giraldo, Efrén
Términos de relación autor
245 ## - MENCIÓN DE TÍTULO
Título propiamente dicho Sumario de plantas oficiosas
Subtítulo o título paralelo : un ensayo sobre la memoria de la flora
Mención de responsabilidad / Efrén Giraldo
250 ## - MENCIÓN DE EDICIÓN
Mención de edición Edición especial
264 #1 - Área de la Producción Publicación, Distribución, Manufactura, etc.
Lugar de publicación, distribución, etc. Bogotá, Colombia
Nombre de la editorial, distribuidor, etc. : Luna Libros
Fecha de publicación, distribución, etc. , 2024
300 ## - DESCRIPCIÓN FÍSICA
Extensión 317 páginas
Otros detalles físicos : ilustraciones en blanco y negro
Dimensiones ; 18 centímetros
336 ## - Tipo de Contenido
Tipo de contenido texto
Código de tipo de contenido txt
Fuente rdacontenido
337 ## - Tipo de Medio
Tipo de Medio sin mediación
Código de tipo de medio n
Fuente rdamedio
338 ## - Tipo de Soporte
Tipo de soporte volumen
Código de tipo de soporte nc
Fuente rdasoporte
500 ## - NOTA GENERAL
Nota general Incluye índice.
520 ## - NOTA DE RESUMEN, ETC.
Nota de sumario Los textos de este libro hablan sobre trasplantes extinciones e invasiones y buscan contribuir al inventario de ficciones e iconografías de las plantas. Reúnen especies reales e imaginarias provenientes de intereses preferencias e historias de vida propias y ajenas. Forman una especie de diario imaginario sobre presencias y ausencias representaciones y perplejidades de la flora en un momento de dificultad extrema. Pretenden armar una constelación de ornamentos árboles comidas venenos y seres vegetales conocidos y no conocidos. Provienen del recuerdo y la experiencia, pero también de diversas representaciones literarias, científicas y artísticas que demuestran que las plantas se mueven y aprovechan para ello su gran inteligencia... Tomado de la contra cubierta del libro.
521 ## - NOTA DE AUDIENCIA
Nota de audiencia Recomendado para jóvenes y adultos.
650 14 - ASIENTO SECUNDARIO DE MATERIA - TÉRMINO TEMÁTICO
Fuente del encabezado o término LEMB
Encabezamiento temático Ensayos colombianos
650 14 - ASIENTO SECUNDARIO DE MATERIA - TÉRMINO TEMÁTICO
Fuente del encabezado o término LEMB
Encabezamiento temático Etnobotánica
Subdivisión general Ensayos
650 14 - ASIENTO SECUNDARIO DE MATERIA - TÉRMINO TEMÁTICO
Fuente del encabezado o término LEMB
Encabezamiento temático Relación hombre
Subdivisión general Naturaleza
Subdivisión de forma Ensayos
650 14 - ASIENTO SECUNDARIO DE MATERIA - TÉRMINO TEMÁTICO
Fuente del encabezado o término LEMB
Encabezamiento temático Plantas medicinales
Subdivisión general Ensayo
942 ## - ENTRADA DE ELEMENTOS AGREGADOS (KOHA
Fuente de clasificación o esquema de estantería. Dewey Decimal Classification
Tipo de ítem Literartura
Existencias
Estado de pérdida Fuente del sistema de clasificación o colocación Estado de daño No disponible para préstamo Colección Biblioteca de origen Biblioteca actual Ubicación en estantería Signatura topográfica completa Ejemplar Código de barras Tipo de ítem Fecha de adquisición Fuente de adquisición Total de pagos Fecha de la última vez visto
  Dewey Decimal Classification     General Sala de Patrimonio Bibliográfico y Documental - Biblioteca Departamental Sala de Patrimonio Bibliográfico y Documental - Biblioteca Departamental Área General Co864 G516s Ej.1 RIBPD16033 Literartura 01/05/2026 Dotación MinCultura y BNC   01/05/2026